Statistics for Football Clubs in London

Click here to take the quiz!

General Stats

  • This quiz has been taken 30,849 times
    (10,783 since last reset)
  • The average score is 8 of 12

Answer Stats

Division Team % Correct
PremiershipArsenal
98%
PremiershipChelsea
97%
PremiershipTottenham Hotspur
93%
PremiershipWest Ham United
83%
PremiershipCrystal Palace
75%
ChampionshipFulham
70%
ChampionshipQueens Park Rangers
59%
ChampionshipMillwall
53%
League OneAFC Wimbledon
47%
ChampionshipCharlton Athletic
46%
ChampionshipBrentford
43%
League TwoLeyton Orient
37%

Score Distribution

Percentile by Number Answered

Percent of People with Each Score

Your Score History

You have not taken this quiz since the last reset